000 00626nam a2200181 i 4500
001 138869
003 ES-MaACL
005 20250925063044.0
007 t|
008 070214s1911 sp r ||||1| spa d
100 1 _aSanz y Escartín, Eduardo,
_d1855-1939
_9103695
245 1 0 _aDel socialismo y las clases conservadoras
_b: conferencia dada en el Círculo Conservador el 2 de diciembre de 1910 /
_cEduardo Sanz y Escartín.
260 _aMadrid :
_b[s.n.],
_c1911.
300 _aP. 5-25 ;
_c22 cm.
650 _aSocialismo-
_zEspaña-
_yS.XX.
_917157
852 _aES-MaACL
_jT-1257-F-11
999 _c138869
_d138869